000
00300nam a2200133Ia 4500
100
_a
Desphande/S.P.
942
_c
BK
654
_a
Maths
245
_a
Mathematics for polytechnic students
260
_b
Pune vidyarthi griha prak.
_a
Pune
_c
2003
082
_a
510
300
_a
494
546
_a
ENGLISH
999
_c
29178
_d
29178